000 00557nam a2200169Ia 4500
008 180921t2018 xxu||||| |||| 00| 0 sin d
041 _asin
080 _a8-31
_bබෝම්
100 _aබෝම්, ලයිමන් ෆ්‍රෑන්ක්
245 _aමායාකාර ඔස්
260 _bගුණසේන
_aකොළඹ
_c2018
300 _aසෙ.මි.18, පි.112
700 _aප්‍රේමසිරි මාහිංගොඩ
_eපරි.
942 _cBK
999 _c11809
_d11809
003 LK-CoDNM
040 _aLK-CoDNM
_dLK-CoDNM
_eLK-CoDNM